00988nam a2200229 a 450000100100000000500170001000800410002702000150006804000250008308200170010824501630012526000560028830000210034449000380036553400890040370000290049270000450052183000450056604900090061195201210062099900170074100002560820200930023919.0110218s2002 mx r 000 0 spa d a9682323878 aDO-SdBNPbspacBNPHU axxxxxbP112f00aPaulo Friere y la formación de educadores :bmúltiples miradas /ccoordinación Ana María Saul, [et. al.]... ; traducción Alma Delia Miranda Aguilar. aMéxico, D. F. :bSiglo Veintiuno Editores,c2002. a367 p. ;c21 cm.1 aEducación (Mexico City, Mexico) pTítulo original:tPaulo Friere e a formação de educadores: múltiplos olhares1 aSaul, Ana María9523001 aMiranda Aguilar, Alma Delia,etr.952301 0aEducación (Mexico City, Mexico)952302 aBNGR 001054708MOaGRbGRcCTd2011-02-18iLF1l0oxxxxx P112fp25608-10r2020-06-25w2020-06-25y4ZPréstamo en sala c25100d25100